MARC

LEADER 00000nam0a2200000 4500
001 299450
005 20231102001214.0
020 |a RU  |b 82-85644 
035 |a (RuTPU)RU\TPU\book\324602 
090 |a 299450 
100 |a 20150629d1982 km y0rusy5003 ca 
101 0 |a rus 
102 |a RU 
105 |a a g 001zy 
200 1 |a Краткий справочник станочника  |f П. П. Серебреницкий 
210 |a Ленинград  |c Лениздат  |d 1982 
215 |a 360 с.  |c ил. 
225 1 |a Для молодых рабочих 
320 |a Библиогр.: с. 359 
606 1 |a Металлорежущие станки  |2 stltpush  |3 (RuTPU)RU\TPU\subj\42570  |9 62229 
610 1 |a резание металлов 
610 1 |a справочники 
610 1 |a режимы резания 
610 1 |a технологическая документация 
610 1 |a допуски 
610 1 |a посадки 
610 1 |a технологическая оснастка 
675 |a 621.9.06(035)  |z rus  |v 3 
700 1 |a Серебреницкий  |b П. П.  |g Павел Павлович  |4 070 
801 0 |a RU  |b RuMRKP  |c 19950704  |g psbo 
801 1 |a RU  |b 63413507  |c 20150629 
801 2 |a RU  |b 63413507  |c 20180604  |g RCR 
942 |c BK